Aplikačné praktikum z trhu práce a menežmentu ľudských zdrojov

Gespeichert in:
Bibliographische Detailangaben
1. Verfasser: Krausová, Alena
Körperschaft: Ekonomická univerzita v Bratislave. Národohospodárska fakulta
Format: Buch
Sprache:Slowakisch
Veröffentlicht: Bratislava Ekonóm 1995
Ausgabe:1. vyd.
Schlagworte:
Tags: Tag hinzufügen
Keine Tags, Fügen Sie das erste Tag hinzu!

MARC

LEADER 00000nam a2200000 4500
001 c011007
005 20221214070721.7
020 |a 80-225-0672-9 
041 0 |a slo 
044 |a SK 
245 1 0 |a Aplikačné praktikum z trhu práce a menežmentu ľudských zdrojov  |c Alena Krausová 
250 |a 1. vyd. 
264 1 |a Bratislava  |b Ekonóm  |c 1995 
300 |a 103 s. 
610 2 0 |a trh práce 
610 2 0 |a manažment 
610 2 0 |a manažment personálny 
610 2 0 |a zdroje ľudské 
610 2 0 |a využitie počítačov 
610 2 0 |a programy počítačové 
610 2 0 |a Excel 4.0 
610 2 0 |a báza dát 
610 2 0 |a Word 2.0 
610 2 0 |a MS Excel 5.0 
100 1 |a Krausová, Alena 
710 2 |a Ekonomická univerzita v Bratislave. Národohospodárska fakulta